Estados Unidos en Nicaragua

Guardado en:
Bibliografiske detaljer
Hovedforfatter: Moncada, José María
Format: Texto
Udgivet: Managua :
Tags: Tilføj Tag
Ingen Tags, Vær først til at tagge denne postø!

MARC

LEADER 00000 a a2200000 04500
001 17136
003
040 |a CRAI/IIS  |c CRAI/IIS 
090 |a 007000  
100 |a Moncada, José María  
245 |a Estados Unidos en Nicaragua  
260 |a Managua :  
300 |a 207 p.  
999 |c 17090  |d 17090